01594nam a2200433 i 450000100060000000300080000600500170001400600190003100700150005000800410006502000180010602000270012403500230015103500240017403500250019803500210022304000310024405000210027508000080029608200120030410000390031624500710035526400400042630000410046633600310050733700330053833800430057150000230061458801240063759001590076165000260092065000310094665000280097765000300100565500270103579700190106285600620108199900170114362619FlNmELB20241217142254.0m o d | cr cnu||||||||160710s2015 ck o 001 0 spa d z9789586318686 a9789586318860 (e-book) a(MiAaPQ)EBC4536681 a(Au-PeEL)EBL4536681 a(CaPaEBR)ebr11217368 a(OCoLC)984792191 aFINmELBbspaerdacFINmELB 4aBD161bL925 2015 a1200 a1212231 aLópez López, Juan Sebastián.10aMiscelánea epistemológica /cJuan Sebastián López López. 1aBogotá :bEdiciones USTA,c[2015] a1 recurso en línea (111 páginas) atextobtxt2rdacontent/spa acomputadorabc2rdamedia/spa arecurso en líneabcr2rdacarrier/spa aContiene índice. aDescripción basada en recurso en línea; Título de la página del título en PDF (e-libro, visto July 10, 2016). aRecurso electronico. Santa Fe, Arg. : e-libro, 2016. Disponible via World Wide Web. El acceso puede ser limitado para las bibliotecas afiliadas a e-libro. 0aKnowledge, Theory of. 4aTeoría del conocimiento. 0aComplexity (Philosophy) 4aComplejidad (Filosofía) 4aLibros electrónicos.2 ae-libro, Corp.40uhttps://elibro.net/ereader/politecnicointernacional/68958 c62619d62619